000 00354 a2200109 4500
001 ART_24495
005 20260410161934.0
008 260409a
245 1 0 _aCambios estructurales y desarrollo económico
100 1 _aKatz, Jorge M.
773 0 _tRevista de Economía Política de Buenos Aires
_g- Año 1, Nº 1 (mar. 2007)
_wREV23982
999 _c28835
_d28835